000 00314nam a2200121 i 4500
001 bg
245 0 _aMateriały Komisji Wykorzystania Osiągnięć Nauki w Gospodarce Narodowej.Biul.3.
260 _aWarszawa,
_c1973.
040 _cBPK
041 _apol
942 _cKS
008 s pl f |000 0 pol
999 _c27192
_d27192
856 _uhttp://koha.tu.koszalin.pl/cgi-bin/koha/opac-detail.pl?biblionumber=27192
_yKatalog online BPK